| 000 | 03088cam a2200373 i 4500 | ||
|---|---|---|---|
| 999 |
_c41769 _d41769 |
||
| 003 | BJBSDDR | ||
| 005 | 20230410115451.0 | ||
| 007 | ta | ||
| 008 | 130104s2013 nyu b 001 0 eng | ||
| 020 | _a9780815610083 (cloth : alk. paper) | ||
| 040 |
_bspa _cBJBSDDR |
||
| 041 | _aeng | ||
| 050 | 1 | 4 |
_aPN 1992.3 _bL781t 2013 |
| 100 | 1 | _aLittleton, Cynthia. | |
| 245 | 1 | 0 |
_aTV on strike : _bwhy Hollywood went to war over the internet / _cCynthia Littleton. |
| 250 | _aFirst edition. | ||
| 264 | 1 |
_aSyracuse, New York : _bSyracuse University Press, _c2013. |
|
| 300 |
_axxiii, 296 p. ; _c23 cm. |
||
| 490 | 0 | _aTelevison and popular culture | |
| 504 | _aIncludes bibliographical references (pages 269-280) and index. | ||
| 505 | _aFear of the unknown -- Path to the picket line -- Sowing the seeds -- Brinksmanship across the table -- United showrunners -- Angst in the executive suite -- Rallies, retrenchment, and late-night returns -- Cue the directors -- Deal or no deal? -- The finish line -- The bloodletting -- Epilogue. | ||
| 520 | _a"TV on Strike examines the 2007 upheaval in the entertainment industry by telling the inside story of the hundred-day writers' strike that crippled Hollywood. The television industry's uneasy transition to the digital age was the driving force behind the most significant labor dispute of the twenty-first century. The strike put a spotlight on how the advent of new-media distribution platforms is reshaping the traditional business models that have governed the entertainment business for decades. The uncertainty that sent writers out into the streets of Los Angeles and New York with picket signs laid bare the depth of the divide, after years of industry consolidation, between the handful of media barons who rule Hollywood and the writers whose works support the industry. With both sides afraid of losing millions in future profits, a critical communication breakdown spurred a brief but fierce fight with repercussions that continue today. The saga of the Writers Guild of America strike is told here as seen through the eyes of key players on both sides of the negotiating table and of the foot soldiers who shocked even themselves with the strength of their resolve to fight for their rights in the face of an ambiguous future."--Publisher's website. | ||
| 650 | 0 | _aWriters Guild of America Strike, Calif., 2007-2008. | |
| 650 | 0 |
_aStrikes and lockouts _xTelevision broadcasting _zUnited States _xHistory _y21st century. |
|
| 650 | 0 |
_aTelevision writers _xSalaries, etc. _zUnited States _xHistory _y21st century. |
|
| 650 | 0 |
_aTelevision programs _xEconomic aspects _zUnited States. |
|
| 650 | 0 |
_aTelevision programs _xSocial aspects _zUnited States. |
|
| 650 | 0 |
_aDigital media _xInfluence. |
|
| 650 | 4 |
_aEscritores de televisión _xSalarios _91980 _ySiglo XXI. _zEstados Unidos |
|
| 650 | 4 |
_aProgramas de televisión _xAspectos económicos _91981 _zEstados Unidos. |
|
| 650 | 4 |
_aProgramas de televisión _xAspectos sociales _91982 _zEstados Unidos. |
|
| 650 | 0 |
_aMedios digitales _xInfluencia _91642 |
|
| 942 |
_2lcc _cBK |
||